Central Library OPAC University of Rajshahi

Consumer transactions / (Record no. 4914)

MARC details
000 -LEADER
fixed length control field 00897cam a2200277 i 4500
001 - CONTROL NUMBER
control field 4914
003 - CONTROL NUMBER IDENTIFIER
rucl marc code BD-RjUL
005 - DATE AND TIME OF LATEST TRANSACTION
control field 20211208233957.0
008 - FIXED-LENGTH DATA ELEMENTS--GENERAL INFORMATION
fixed length control field 131223s1975 mau b 001 0 eng
035 ## - SYSTEM CONTROL NUMBER
System control number (BD-RjUL)4949
040 ## - CATALOGING SOURCE
Original cataloging agency DLC
Transcribing agency DLC
Modifying agency DLC
-- BD-RjUL
Language of cataloging eng
041 ## - LANGUAGE CODE
Language code of text/sound track or separate title eng
082 00 - DEWEY DECIMAL CLASSIFICATION NUMBER
Classification number 343.7307
Author mark and year RIC 1975
100 1# - MAIN ENTRY--PERSONAL NAME
Personal name Rice, David A.
9 (RLIN) 15499
245 10 - TITLE STATEMENT
Title Consumer transactions /
Statement of responsibility, etc. David A. Rice.
260 ## - PUBLICATION, DISTRIBUTION, ETC. (IMPRINT)
Place of publication, distribution, etc. Boston :
Name of publisher, distributor, etc. Little, Brown,
Date of publication, distribution, etc. 1975.
300 ## - PHYSICAL DESCRIPTION
Pagination xxx, 950 p. ;
Size 25 cm.
490 0# - SERIES STATEMENT
Series statement Law school casebook series
500 ## - GENERAL NOTE
General note Kept up to date by cumulative supplements.
504 ## - BIBLIOGRAPHY, ETC. NOTE
Bibliography, etc Includes bibliographical references and indexes.
650 #0 - SUBJECT ADDED ENTRY--TOPICAL TERM
Topical term or geographic name as entry element Consumer protection
General subdivision Law and legislation
Geographic subdivision United States
General subdivision Cases.
9 (RLIN) 15500
Topical term or geographic name as entry element Consumer credit
General subdivision Law and legislation
Geographic subdivision United States
General subdivision Cases.
9 (RLIN) 15501
942 ## - ADDED ENTRY ELEMENTS (KOHA)
Source of classification or shelving scheme Dewey Decimal Classification
Koha item type Books
Holdings
Lost status Source of classification or shelving scheme Damaged status Not for loan Collection code Permanent Location Current Location Shelving location Date acquired Source of acquisition Cost, normal purchase price Total Checkouts Full call number Date last seen Copy number Koha item type
  Dewey Decimal Classification     Non-fiction Central Library, University of Rajshahi Central Library, University of Rajshahi   19/11/1989 Asia Foundation 0.00   343.7307 RIC 1975 23/12/2013 C-2 Books
  Dewey Decimal Classification     Non-fiction Central Library, University of Rajshahi Central Library, University of Rajshahi   19/11/1987       343.7307 RIC 1975 02/08/2016 C-3 Books